000 00894cam a22002897a 4500
003 CHAP
005 20220817040959.0
008 971013s1989 r 00010 d
010 _a3901
011 _a4873
035 _a4077
040 _cCHAP
090 _aFolleto 13129
110 _aFAO
245 0 _aInforme Seminario Técnico Internacional sobre Estrategias y Programas para la Integración de la Educación Básica y el Desarrollo Rural
260 _aRoma :
_bFAO,
_c1989
300 _a44 p
590 _aBATCH-UPD
_b10
_c20130110
_lUCH01
_h0954
590 _aBATCH-UPD
_b10
_c20130410
_lUCH01
_h0607
590 _aBATCH-UPD
_b10
_c20130914
_lUCH01
_h1154
590 _aCONVERSION
_b10
_c20130109
_lUCH01
_h1303
650 1 4 _aDesarrollo rural.
_932067
650 1 4 _aEducación rural.
_935586
901 _aBK
942 _cFOLL
949 _aFolleto 12129
_bBC
_cFAO
_d-13608
_eFAO1
_i4077
_si
999 _c3901
_d3901